<?xml version="1.0" encoding="UTF-8"?>
<record
    xmlns:xsi="http://www.w3.org/2001/XMLSchema-instance"
    xsi:schemaLocation="http://www.loc.gov/MARC21/slim http://www.loc.gov/standards/marcxml/schema/MARC21slim.xsd"
    xmlns="http://www.loc.gov/MARC21/slim">

  <leader>02959nam0a2200457   4500</leader>
  <controlfield tag="001">RU\NLR\bibl\1366171</controlfield>
  <controlfield tag="005">20260406071721.0</controlfield>
  <datafield tag="010" ind1=" " ind2=" ">
    <subfield code="a">978-5-91460-005-8</subfield>
    <subfield code="9">1000</subfield>
  </datafield>
  <datafield tag="021" ind1=" " ind2=" ">
    <subfield code="a">RU</subfield>
    <subfield code="b">2008-4649</subfield>
    <subfield code="9">249</subfield>
  </datafield>
  <datafield tag="035" ind1=" " ind2=" ">
    <subfield code="a">(NLR Aleph) 001358326</subfield>
  </datafield>
  <datafield tag="090" ind1=" " ind2=" ">
    <subfield code="a">965105</subfield>
    <subfield code="c">965105</subfield>
  </datafield>
  <datafield tag="100" ind1=" " ind2=" ">
    <subfield code="a">20090506d2008    |||y0rusy50      ca</subfield>
  </datafield>
  <datafield tag="101" ind1="0" ind2=" ">
    <subfield code="a">rus</subfield>
  </datafield>
  <datafield tag="102" ind1=" " ind2=" ">
    <subfield code="a">RU</subfield>
  </datafield>
  <datafield tag="105" ind1=" " ind2=" ">
    <subfield code="a">a   |||||||||</subfield>
  </datafield>
  <datafield tag="200" ind1="1" ind2=" ">
    <subfield code="a">&#x41A;&#x43E;&#x440;&#x43F;&#x43E;&#x440;&#x430;&#x442;&#x438;&#x432;&#x43D;&#x44B;&#x435; &#x446;&#x435;&#x43D;&#x43D;&#x44B;&#x435; &#x431;&#x443;&#x43C;&#x430;&#x433;&#x438; &#x43A;&#x430;&#x43A; &#x438;&#x43D;&#x441;&#x442;&#x440;&#x443;&#x43C;&#x435;&#x43D;&#x442; &#x438;&#x43D;&#x432;&#x435;&#x441;&#x442;&#x438;&#x446;&#x438;&#x43E;&#x43D;&#x43D;&#x43E;&#x439; &#x43F;&#x440;&#x438;&#x432;&#x43B;&#x435;&#x43A;&#x430;&#x442;&#x435;&#x43B;&#x44C;&#x43D;&#x43E;&#x441;&#x442;&#x438; &#x43A;&#x43E;&#x43C;&#x43F;&#x430;&#x43D;&#x438;&#x439;</subfield>
    <subfield code="d">Corporate securities as the tool of investment appeal of the company</subfield>
    <subfield code="f">&#x410;. &#x41D;. &#x410;&#x441;&#x430;&#x443;&#x43B;, &#x41C;. &#x41F;. &#x412;&#x43E;&#x439;&#x43D;&#x430;&#x440;&#x435;&#x43D;&#x43A;&#x43E;, &#x41D;. &#x410;. &#x41F;&#x43E;&#x43D;&#x43E;&#x43C;&#x430;&#x440;&#x435;&#x432;&#x430;, &#x420;. &#x410;. &#x424;&#x430;&#x43B;&#x442;&#x438;&#x43D;&#x441;&#x43A;&#x438;&#x439;</subfield>
    <subfield code="g">&#x43F;&#x43E;&#x434; &#x440;&#x435;&#x434;. &#x437;&#x430;&#x441;&#x43B;&#x443;&#x436;. &#x441;&#x442;&#x440;&#x43E;&#x438;&#x442;&#x435;&#x43B;&#x44F; &#x420;&#x424;, &#x434;. &#x44D;. &#x43D;., &#x43F;&#x440;&#x43E;&#x444;. &#x410;. &#x41D;. &#x410;&#x441;&#x430;&#x443;&#x43B;&#x430;</subfield>
    <subfield code="g">&#x418;&#x43D;-&#x442; &#x43F;&#x440;&#x43E;&#x431;&#x43B;&#x435;&#x43C; &#x44D;&#x43A;&#x43E;&#x43D;. &#x432;&#x43E;&#x437;&#x440;&#x43E;&#x436;&#x434;&#x435;&#x43D;&#x438;&#x44F; [&#x438; &#x434;&#x440;.]</subfield>
    <subfield code="z">eng</subfield>
  </datafield>
  <datafield tag="210" ind1=" " ind2=" ">
    <subfield code="a">&#x421;&#x430;&#x43D;&#x43A;&#x442;-&#x41F;&#x435;&#x442;&#x435;&#x440;&#x431;&#x443;&#x440;&#x433;</subfield>
    <subfield code="c">&#x418;&#x41F;&#x42D;&#x412;</subfield>
    <subfield code="d">2008</subfield>
  </datafield>
  <datafield tag="215" ind1=" " ind2=" ">
    <subfield code="a">283, [4] &#x441;.</subfield>
    <subfield code="c">&#x438;&#x43B;., &#x43F;&#x43E;&#x440;&#x442;&#x440;.</subfield>
    <subfield code="d">24</subfield>
  </datafield>
  <datafield tag="225" ind1="1" ind2=" ">
    <subfield code="a">&#x42D;&#x43A;&#x43E;&#x43D;&#x43E;&#x43C;&#x438;&#x447;&#x435;&#x441;&#x43A;&#x43E;&#x435; &#x432;&#x43E;&#x437;&#x440;&#x43E;&#x436;&#x434;&#x435;&#x43D;&#x438;&#x435; &#x420;&#x43E;&#x441;&#x441;&#x438;&#x438;</subfield>
    <subfield code="e">&#x441;&#x435;&#x440;&#x438;&#x44F; &#x438;&#x437;&#x434;&#x430;&#x43D;&#x438;&#x439;</subfield>
    <subfield code="v">27</subfield>
  </datafield>
  <datafield tag="300" ind1=" " ind2=" ">
    <subfield code="a">&#x410;&#x432;&#x442;. &#x442;&#x430;&#x43A;&#x436;&#x435; &#x43D;&#x430; &#x430;&#x43D;&#x433;&#x43B;. &#x44F;&#x437;.: A. N. Asaul, M. P. Voynarenko, N. A. Ponomareva, R. A. Faltinsky</subfield>
  </datafield>
  <datafield tag="300" ind1=" " ind2=" ">
    <subfield code="a">&#x412; &#x43A;&#x43E;&#x43D;&#x446;&#x435; &#x43A;&#x43D;. &#x430;&#x432;&#x442;.: &#x410;&#x441;&#x430;&#x443;&#x43B; &#x410;. &#x41D;. - &#x434;. &#x44D;. &#x43D;., &#x43F;&#x440;&#x43E;&#x444;., &#x437;&#x430;&#x441;&#x43B;&#x443;&#x436;. &#x441;&#x442;&#x440;&#x43E;&#x438;&#x442;&#x435;&#x43B;&#x44C;, &#x412;&#x43E;&#x439;&#x43D;&#x430;&#x440;&#x435;&#x43D;&#x43A;&#x43E; &#x41C;. &#x41F;. - &#x434;. &#x44D;. &#x43D;., &#x43F;&#x440;&#x43E;&#x444;., &#x41F;&#x43E;&#x43D;&#x43E;&#x43C;&#x430;&#x440;&#x435;&#x432;&#x430; &#x41D;. &#x410;. - &#x43A;. &#x44D;. &#x43D;., &#x434;&#x43E;&#x446;., &#x424;&#x430;&#x43B;&#x442;&#x438;&#x43D;&#x441;&#x43A;&#x438;&#x439; &#x420;.&#x410;. - &#x434;. &#x44D;. &#x43D;., &#x43F;&#x440;&#x43E;&#x444;.</subfield>
  </datafield>
  <datafield tag="300" ind1=" " ind2=" ">
    <subfield code="a">&#x412; &#x43D;&#x430;&#x434;&#x437;&#x430;&#x433;. &#x442;&#x430;&#x43A;&#x436;&#x435;: &#x421;.-&#x41F;&#x435;&#x442;&#x435;&#x440;&#x431;. &#x433;&#x43E;&#x441;. &#x430;&#x440;&#x445;.-&#x441;&#x442;&#x440;&#x43E;&#x438;&#x442;. &#x443;&#x43D;-&#x442;, &#x425;&#x43C;&#x435;&#x43B;&#x44C;&#x43D;&#x438;&#x446;. &#x43D;&#x430;&#x446;. &#x443;&#x43D;-&#x442;</subfield>
  </datafield>
  <datafield tag="300" ind1=" " ind2=" ">
    <subfield code="a">&#x41F;&#x43E;&#x441;&#x432;&#x44F;&#x449;. 175-&#x43B;&#x435;&#x442;&#x438;&#x44E; &#x421;&#x41F;&#x431;&#x413;&#x410;&#x421;&#x423;</subfield>
  </datafield>
  <datafield tag="316" ind1=" " ind2=" ">
    <subfield code="a">&#x421; &#x430;&#x432;&#x442;&#x43E;&#x433;&#x440;. &#x410;. &#x41D;. &#x410;&#x441;&#x430;&#x443;&#x43B;&#x430;</subfield>
    <subfield code="5">NLR: 2009-7/2803</subfield>
  </datafield>
  <datafield tag="320" ind1=" " ind2=" ">
    <subfield code="a">&#x411;&#x438;&#x431;&#x43B;&#x438;&#x43E;&#x433;&#x440;. &#x432; &#x43F;&#x43E;&#x434;&#x441;&#x442;&#x440;&#x43E;&#x447;. &#x43F;&#x440;&#x438;&#x43C;&#x435;&#x447;.</subfield>
  </datafield>
  <datafield tag="320" ind1=" " ind2=" ">
    <subfield code="a">&#x414;&#x440;. &#x43A;&#x43D;. 1-&#x433;&#x43E; &#x430;&#x432;&#x442;. &#x432; &#x442;&#x435;&#x43A;&#x441;&#x442;&#x435; &#x43F;&#x440;&#x435;&#x434;&#x438;&#x441;&#x43B;.</subfield>
  </datafield>
  <datafield tag="510" ind1="1" ind2=" ">
    <subfield code="a">Corporate securities as the tool of investment appeal of the company</subfield>
    <subfield code="z">eng</subfield>
  </datafield>
  <datafield tag="606" ind1="1" ind2=" ">
    <subfield code="a">&#x426;&#x435;&#x43D;&#x43D;&#x44B;&#x435; &#x431;&#x443;&#x43C;&#x430;&#x433;&#x438;</subfield>
    <subfield code="y">&#x420;&#x43E;&#x441;&#x441;&#x438;&#x439;&#x441;&#x43A;&#x430;&#x44F; &#x424;&#x435;&#x434;&#x435;&#x440;&#x430;&#x446;&#x438;&#x44F;</subfield>
    <subfield code="9">2109791</subfield>
    <subfield code="3">RU\NLR\auth\661275168</subfield>
  </datafield>
  <datafield tag="606" ind1="1" ind2=" ">
    <subfield code="a">&#x426;&#x435;&#x43D;&#x43D;&#x44B;&#x435; &#x431;&#x443;&#x43C;&#x430;&#x433;&#x438;</subfield>
    <subfield code="x">&#x420;&#x44B;&#x43D;&#x43A;&#x438;</subfield>
    <subfield code="y">&#x420;&#x43E;&#x441;&#x441;&#x438;&#x439;&#x441;&#x43A;&#x430;&#x44F; &#x424;&#x435;&#x434;&#x435;&#x440;&#x430;&#x446;&#x438;&#x44F;</subfield>
    <subfield code="9">2121921</subfield>
    <subfield code="3">RU\NLR\auth\661281220</subfield>
  </datafield>
  <datafield tag="686" ind1=" " ind2=" ">
    <subfield code="a">&#x423;26(2)229.2</subfield>
  </datafield>
  <datafield tag="686" ind1=" " ind2=" ">
    <subfield code="a">&#x423;26(2)229.5</subfield>
  </datafield>
  <datafield tag="701" ind1=" " ind2="1">
    <subfield code="4">070</subfield>
    <subfield code="8">rus</subfield>
    <subfield code="7">ca</subfield>
    <subfield code="a">&#x410;&#x441;&#x430;&#x443;&#x43B;</subfield>
    <subfield code="b">&#x410;.&#x41D;.</subfield>
    <subfield code="c">&#x434;-&#x440; &#x44D;&#x43A;&#x43E;&#x43D;. &#x43D;&#x430;&#x443;&#x43A;</subfield>
    <subfield code="f">1948-</subfield>
    <subfield code="g">&#x410;&#x43D;&#x430;&#x442;&#x43E;&#x43B;&#x438;&#x439; &#x41D;&#x438;&#x43A;&#x43E;&#x43B;&#x430;&#x435;&#x432;&#x438;&#x447;</subfield>
    <subfield code="3">RU\NLR\auth\7728688</subfield>
    <subfield code="9">11719</subfield>
  </datafield>
  <datafield tag="701" ind1=" " ind2="1">
    <subfield code="a">&#x412;&#x43E;&#x439;&#x43D;&#x430;&#x440;&#x435;&#x43D;&#x43A;&#x43E;</subfield>
    <subfield code="b">&#x41C;. &#x41F;.</subfield>
    <subfield code="f">1950-</subfield>
    <subfield code="g">&#x41C;&#x438;&#x445;&#x430;&#x438;&#x43B; &#x41F;&#x435;&#x442;&#x440;&#x43E;&#x432;&#x438;&#x447;</subfield>
    <subfield code="4">070</subfield>
  </datafield>
  <datafield tag="701" ind1=" " ind2="1">
    <subfield code="a">&#x41F;&#x43E;&#x43D;&#x43E;&#x43C;&#x430;&#x440;&#x435;&#x432;&#x430;</subfield>
    <subfield code="b">&#x41D;. &#x410;.</subfield>
    <subfield code="f">1977-</subfield>
    <subfield code="g">&#x41D;&#x430;&#x442;&#x430;&#x43B;&#x438;&#x44F; &#x410;&#x43D;&#x430;&#x442;&#x43E;&#x43B;&#x44C;&#x435;&#x432;&#x43D;&#x430;</subfield>
    <subfield code="4">070</subfield>
  </datafield>
  <datafield tag="701" ind1=" " ind2="1">
    <subfield code="4">070</subfield>
    <subfield code="7">ca</subfield>
    <subfield code="8">rus</subfield>
    <subfield code="a">&#x424;&#x430;&#x43B;&#x442;&#x438;&#x43D;&#x441;&#x43A;&#x438;&#x439;</subfield>
    <subfield code="b">&#x420;. &#x410;.</subfield>
    <subfield code="f">1970-</subfield>
    <subfield code="g">&#x420;&#x443;&#x434;&#x43E;&#x43B;&#x44C;&#x444; &#x410;&#x43D;&#x442;&#x43E;&#x43D;&#x43E;&#x432;&#x438;&#x447;</subfield>
    <subfield code="9">187366</subfield>
    <subfield code="3">RU\NLR\AUTH\770187417</subfield>
  </datafield>
  <datafield tag="801" ind1=" " ind2="0">
    <subfield code="a">RU</subfield>
    <subfield code="b">NLR</subfield>
    <subfield code="c">20090506</subfield>
    <subfield code="g">RCR</subfield>
  </datafield>
  <datafield tag="801" ind1=" " ind2="1">
    <subfield code="a">RU</subfield>
    <subfield code="b">NLR</subfield>
    <subfield code="c">20090506</subfield>
  </datafield>
  <datafield tag="942" ind1=" " ind2=" ">
    <subfield code="c">BOOK</subfield>
  </datafield>
  <datafield tag="980" ind1=" " ind2=" ">
    <subfield code="a">NB</subfield>
  </datafield>
  <datafield tag="995" ind1=" " ind2=" ">
    <subfield code="5">2009-05-06</subfield>
    <subfield code="a">ab</subfield>
    <subfield code="b">NLR01</subfield>
    <subfield code="c">NLR01</subfield>
    <subfield code="e">RF9</subfield>
    <subfield code="f">1-928346</subfield>
    <subfield code="k">2008-7/1463</subfield>
    <subfield code="o">0</subfield>
    <subfield code="p">200.00</subfield>
    <subfield code="r">BOOK</subfield>
    <subfield code="s">200871463_</subfield>
  </datafield>
  <datafield tag="995" ind1=" " ind2=" ">
    <subfield code="5">2008-09-22</subfield>
    <subfield code="a">ab</subfield>
    <subfield code="b">NLR02</subfield>
    <subfield code="c">NLR02</subfield>
    <subfield code="e">UCHZ</subfield>
    <subfield code="f">1-142396</subfield>
    <subfield code="k">&#x423;  &#x423;26(2)229/&#x41A;-688</subfield>
    <subfield code="o">0</subfield>
    <subfield code="p">150.00</subfield>
    <subfield code="r">BOOK</subfield>
    <subfield code="s">_262229688</subfield>
  </datafield>
  <datafield tag="995" ind1=" " ind2=" ">
    <subfield code="5">2008-03-14</subfield>
    <subfield code="a">ad</subfield>
    <subfield code="b">NLR01</subfield>
    <subfield code="c">NLR01</subfield>
    <subfield code="e">RF9</subfield>
    <subfield code="f">2628718</subfield>
    <subfield code="k">2008-7/1463</subfield>
    <subfield code="o">0</subfield>
    <subfield code="r">BOOK</subfield>
    <subfield code="s">200871463_</subfield>
  </datafield>
  <datafield tag="995" ind1=" " ind2=" ">
    <subfield code="5">2008-03-14</subfield>
    <subfield code="a">ad</subfield>
    <subfield code="b">NLR01</subfield>
    <subfield code="c">NLR01</subfield>
    <subfield code="e">OBM</subfield>
    <subfield code="f">1-3549860</subfield>
    <subfield code="o">0</subfield>
    <subfield code="r">BOOK</subfield>
  </datafield>
</record>
